Oiseaux Disney/Pixar par Images #1 - Statistiques

Statistiques générales
  • Ce quiz a été pris 51 fois
  • Le résultat moyen est 4 sur 11
Statistiques - réponses
Par images Réponse % Correct
Donald Duck
100%
Chicken Little
69%
Maître Hibou
47%
Flit
36%
Les Mouettes
33%
Dame Gertrude
24%
Siffli
24%
Diablo
18%
Wilbur
7%
Lucy
2%
Myster Mask
2%
Aucun quiz correspondant
Distribution des résultats
% des personnes avec chaque résultat
Percentile par nombre de réponses
Votre historique - résultats
Vous n’avez pas pris ce quiz